Top Banana Producing Countries - Statistics

General Stats
  • This quiz has been taken 48 times
  • The average score is 11 of 15
Answer Stats
Bananas
(metric tons)
Country % Correct
6,812,708 Brazil
95%
2,227,173 Mexico
95%
11,655,700 China
93%
30,460,000 India
93%
7,280,659 Indonesia
90%
2,914,419 Colombia
83%
6,583,477 Ecuador
74%
2,194,247 Vietnam
74%
4,341,564 Guatemala
69%
2,437,381 Costa Rica
67%
1,715,770 Kenya
62%
6,049,601 Philippines
62%
3,406,936 Tanzania
60%
4,036,959 Angola
31%
1,850,633 Rwanda
21%
No matching quizzes found
Score Distribution
Percent of People with Each Score
Percentile by Number Answered
Your Score History
You have not taken this quiz